[Event "Sibiria Region-ch (Women)"]
[Site "Prokopevsk"]
[Date "2012.03.12"]
[Round "1"]
[White "Markova, Elizaveta"]
[Black "Avdeenko, Tatiana"]
[Result "1-0"]
[WhiteElo "1795"]
[BlackElo "2203"]
[PlyCount "157"]
[EventDate "2012.03.12"]
[EventType "swiss"]
[EventRounds "9"]
[EventCountry "RUS"]
[SourceTitle "EXT 2013"]
[Source "ChessBase"]
[SourceDate "2012.11.22"]
[SourceVersion "1"]
[SourceVersionDate "2012.11.22"]
[SourceQuality "1"]

1. e4 d6 2. d4 Nf6 3. Bd3 e5 4. Nf3 exd4 5. Nxd4 g6 6. Bg5 Bg7 7. 0-0 0-0 8. Qd2 Nbd7 9. Nc3 c6 10. Rfe1 Re8 11. Rad1 Ne5 12. Be2 Bf8 13. Nf3 Ned7 14. Bf1 Qc7 15. Bh6 Bxh6 16. Qxh6 Ne5 17. Qf4 Nh5 18. Qe3 Bg4 19. Be2 Nxf3+ 20. Bxf3 Bxf3 21. Qxf3 Re6 22. Re3 Rae8 23. g3 Nf6 24. Red3 b5 25. a3 Nd7 26. Qf4 Ne5 27. Rd4 Kg7 28. Kg2 Rf6 29. Qc1 a5 30. f4 Nc4 31. b3 Nb6 32. Qd2 Nc8 33. Qd3 Rfe6 34. Kf1 Qb7 35. b4 axb4 36. axb4 Qe7 37. Ra1 Nb6 38. Ra6 Qb7 39. Ra1 Nc4 40. Nd1 Rxe4 41. Rxe4 Rxe4 42. Nf2 Ne3+ 43. Kg1 Re8 44. Qd4+ Kh6 45. Ra7 c5 46. Rxb7 cxd4 47. Rxb5 Nxc2 48. Rb6 d5 49. b5 Re1+ 50. Kg2 Rb1 51. Rb7 Kg7 52. Nd3 Ne3+ 53. Kf2 Ng4+ 54. Ke2 Rb3 55. h3 Nf6 56. Ne5 Ne4 57. Rxf7+ Kg8 58. Rb7 Nxg3+ 59. Kd2 Ne4+ 60. Kc2 Rxh3 61. Rb8+ Kg7 62. b6 Nc5 63. Rc8 Rc3+ 64. Kd1 Nb7 65. Rb8 Na5 66. Rd8 Rc5 67. Rd7+ Kf6 68. Rxh7 Rb5 69. Rh6 Kf5 70. Nxg6 Nc4 71. Ne7+ Ke4 72. Nc8 Kd3 73. Kc1 Ne3 74. Rc6 Ke2 75. Nd6 d3 76. Nxb5 d2+ 77. Kb2 d4 78. Nxd4+ Kd3 79. Nb3 1-0

[Event "Moscow op (Women)"]
[Site "Moscow"]
[Date "2012.02.04"]
[Round "8"]
[White "Wagner, Dinara"]
[Black "Avdeenko, Tatiana"]
[Result "1-0"]
[WhiteElo "2033"]
[BlackElo "2203"]
[PlyCount "67"]
[EventDate "2012.01.28"]
[EventType "swiss"]
[EventRounds "9"]
[EventCountry "RUS"]
[SourceTitle "CBM 146 Extra"]
[Source "ChessBase"]
[SourceDate "2012.02.29"]
[SourceVersion "1"]
[SourceVersionDate "2012.02.29"]
[SourceQuality "1"]

1. e4 d6 2. d4 Nf6 3. Nc3 e5 4. Nf3 Nbd7 5. Bc4 Be7 6. 0-0 0-0 7. Re1 c6 8. a4 exd4 9. Nxd4 Ne5 10. Ba2 Re8 11. h3 Bd7 12. f4 Ng6 13. Qd3 Bf8 14. Be3 Qa5 15. Bd2 Qh5 16. f5 Ne5 17. Qg3 h6 18. Rad1 a6 19. a5 Be7 20. Nde2 Nh7 21. Nf4 Qh4 22. Qh2 Bd8 23. Ng6 Qh5 24. g4 Nxg4 25. hxg4 Qxg4+ 26. Qg2 Qxg2+ 27. Kxg2 Bxa5 28. Bf4 d5 29. exd5 Nf6 30. Ne5 cxd5 31. Nxd7 Nxd7 32. Rxe8+ Rxe8 33. Rxd5 Bxc3 34. Rxd7 1-0